Mammifères - Vocabulaire - Statistiques

Statistiques générales
  • Ce quiz a été pris 16 fois
  • Le résultat moyen est 17 sur 52
Statistiques - réponses
Hint Réponse % Correct
Phénomène au cours duquel un animal passe dans un état de torpeur en ralentissant son métabolisme. Hibernation
88%
Famille de mammifères carnivores caractérisés par des griffes rétractiles regroupant les chats, les lions, les tigres,... Félidé
75%
Famille de mammifères carnivores caractérisés par un museaux allongé et un odorat développé regroupant les loups, les renards, les chacals,... Canidé
63%
Ordre de mammifères carnassiers regroupant les canins, les félins,... Carnivore
63%
Famille de mammifères herbivores caractérisés par des bois osseux sur la tête regroupant les cerfs, les chevreuils, les rennes,... Cervidé
63%
Ordre de mammifères volant appelés vulgairement "chauve-souris". Chiroptère
63%
Famille de petits mammifères carnivores au corps assez allongée regroupant les fouines, loutres, blaireaux,... Mustélidé
63%
Animal qui se déplace en s'appuyant sur la totalité de la plante du pied sur le sol. Plantigrade
63%
Ordre de mammifères herbivores caractérisés par 2 incisives supérieures et 2 incisives inférieures à croissance continue regroupant les souris, les castors, les écureuils,... Rongeur
63%
Période d'activité sexuelle intense et le désir d'accouplement chez les mammifères. Rut
63%
Animal qui se déplace en s'appuyant uniquement sur ses doigts ou ses orteils, le talon et le poignet restant relevés. Digitigrade
50%
Ordre de mammifères herbivores caractérisés par 4 incisives supérieures et une locomotion par sauts regroupant les lièvres et les lapins. Lagomorphe
50%
Terme qualifiant un animal qui est capable de se déplacer après la naissance et quitte le nid. Nidifuge
50%
Ordre de mammifères herbivores caractérisés par un nombre pair de doigts à chaque pattes regroupant les bovins, les ovins, les porcins,... Artiodactyle
38%
Période de reproduction et/ou comportement amoureux des lièvres se caractérisant par des poursuites effrénées et des « combats de boxe » entre mâle et femelle. Bouquinage
38%
Phénomène par lequel des espèces non apparentées développent des traits physiques ou comportementaux similaires. Convergence évolutive
38%
Écart entre les dents des rongeurs à l'endroit où devrait être les canines. Diastème
38%
Phénomène biologique où l'accouplement a lieu longtemps avant la fécondation de l'ovule et l'implantation de l'embryon. Fécondation différée
38%
Phénomène au cours duquel un animal passe l'hiver à l'abri du froid en ralentissant son activité. Hivernage
38%
Terme qualifiant un animal qui garde une température corporelle constante. Homéotherme
38%
Action pour un animal (principalement le renard) de chasser les petits rongeurs en fouillant la terre ou en bondissant pour les attraper. Muloter
38%
Membrane de peau reliant le cou, les doigts et la queue, permettant à certains animaux de voler. Patagium
38%
Ordre de mammifères herbivores caractérisés par un nombre impair de doigts à chaque pattes regroupant les chevaux, les rhinocéros, les tapirs,... Périssodactyle
38%
Poil raide, élastique implanté sur la tête et servant d'exploration tactile. Vibrisse
38%
Poil fin, flexible et court servant d'isolation thermique mais tombant au cours de l'année. Bourre
25%
Endroit où un sanglier a retourné le sol avec son museau pour chercher de la nourriture comme des racines, des tubercules ou des vers. Boutis
25%
Excréments mous spécifiques réingérés par les lapins et les lièvres pour redigérer certains nutriments non assimilés. Caecotrophe
25%
Processus digestif essentiel des lapins et des lièvres consistant à réingérer des excréments mous spécifiques pour optimiser l'assimilation des nutriments. Caecotrophie
25%
Interruption temporaire du développement et de l'activité métabolique chez de nombreux animaux, agissant comme une adaptation pour survivre à des conditions défavorables. Diapause
25%
Terme qualifiant un chat domestiqué retourné à la vie sauvage. Haret
25%
Poil long, épais et raide servant d'isolation thermique toute l'année. Jarre
25%
Terme qualifiant un animal qui est incapable de se déplacer après la naissance et reste au nid. Nidicole
25%
Animal qui se déplace en s'appuyant sur l'extrémité de ses doigts, protégés par des sabots. Onguligrade
25%
Famille de mammifères carnivores ou omnivores caractérisés par une queue annelée regroupant les ratons laveurs ou les coatis. Procyonidé
25%
Terme qualifiant deux espèces dont l'aire de répartition géographique se chevauchent. Sympatrique
25%
Petite protubérance cartilagineuse située juste à l'entrée du conduit auditif externe, assez développée chez les chauves-souris. Tragus
25%
Stade du cycle de vie des chauves-souris (Mars - Mai) durant lequel se passe la fécondation des femelles et la recherche du site où passer l'été. Transit printannier
25%
Terme qualifiant deux espèces dont l'aire de répartition géographique sont séparées par une barrière Allopatrique
13%
Dents spécialisées (molaires ou prémolaires) des mâchoires de certains mammifères agissant comme des cisailles pour trancher la viande. Carnassières
13%
Groupe d'espèces distinctes se ressemblant tellement morphologiquement qu'elles sont souvent confondues sous un seul nom, ne se distinguant que par des méthodes non morphologiques comme la génétique. Cryptique
13%
Ordre de petits mammifères insectivores regroupant les musaraignes, les taupes et les hérissons. Eulipotyphle
13%
Partie du terrier présentant au moins deux issues et servant de réserve de provisions. Fosse
13%
Stade du cycle de vie des chauves-souris (Mai - Septembre) durant lequel les femelles se regroupent en colonie pour mettre bas. Gestation
13%
Partie du terrier située juste après l'entrée principale et servant de poste d'observation. Maire
13%
Production épidermique externe fortement kératinisée (poils, plumes, écailles, griffes,...) Phanère
13%
Phénomène au cours duquel certains petits mammifères réduisent la taille de leur crâne et organes en hiver pour économiser de l'énergie. Phénomène de Dehnel
13%
Comportement collectif d'agrégation d'individus qui s'unissent pour accomplir une tâche ou se reproduire, souvent en grand nombre. Swarming
13%
Stade du cycle de vie des chauves-souris (Septembre - Décembre) durant lequel les mâles et les femelles se regroupent pour l'accouplement et recherchent un site où passer l'hiver. Transit automnal
13%
Partie du terrier présentant une seule entrée et servant d'habitation proprement dite. Accul
0%
Dents pointues de certains petits mammifères insectivores comme les musaraignes. Cuspides
0%
Stratégie de reproduction chez certains mammifères où l'ovule fécondé suspend son développement avant de s'implanter dans l'utérus permettant de décaler la gestation pour que la mise bas ait lieu dans des conditions optimales. Implantation différée
0%
Stade du cycle de vie des chauves-souris (Décembre - Mars) durant lequel l'animal va hiberner dans un site pour passer l'hiver. Repos hivernal
0%
Aucun quiz correspondant
Distribution des résultats
% des personnes avec chaque résultat
Percentile par nombre de réponses
Votre historique - résultats
Vous n’avez pas pris ce quiz